000 00901nam a2200217 i 4500
001 44510
003 ES-MaACL
005 20230906161039.0
007 t|
008 030321s1889 sp ||||1| spa d
080 _a338.47(460):656.2
100 1 _aClemente, Rafael.
_939198
245 1 0 _aDatos relativos a la explotación de ferrocarriles
_b: presentados y comentados con motivo de la información sobre el proyecto de ley de ferrocarriles secundarios : diciembre 1889 /
_cpor Rafael Clemente.
260 _aMadrid :
_b[s.n.],
_c1889 (
_fEstab. Tip. "Sucesores de Rivadeneyra")
300 _a49 p., 8 h. de gráf. ;
_c27 cm.
530 _aDisponible en formato digital.
650 4 _aTransportes ferroviarios-
_zEspaña.
_9149654
852 4 _aES-MaACL
_jT-663-F-1
852 4 _aES-MaACL
_jT-514-F-7
856 4 _uhttp://bdh-rd.bne.es/viewer.vm?id=0000048280&page=1
_zBiblioteca Digital Hispánica
999 _c44510
_d44510